| 000 | 01115cam a22001934a 4500 | ||
|---|---|---|---|
| 020 | _a1578082609 | ||
| 020 | _a9781578082605 | ||
| 020 | _a2100052799 | ||
| 020 | _a9782100052790 | ||
| 040 | _cDLC | ||
| 041 | 1 | _hfre | |
| 082 | 0 | 0 | _a631 TOU 2001 A053 Co. |
| 100 | 1 | _aTourte, Yves | |
| 245 | 1 | 0 |
_aGenetically modified organisms : _btransgenesis in plants / |
| 300 |
_aix, 113 pages : _billustrations ; _c24 cm |
||
| 520 | 1 | _a"In this topical work, the author responds to some questions and furnishes the tools needed to understand GM plants: the theoretical and historical bases of genetic engineering, particularly GM plants (genetic information, techniques of gene transfer ...); research programmes and results in various domains (agro-food, health, environment ...); and the practical, legal, and ethical questions posed by society and the responses of scientists, legislators, and industry." "Students of biology or agriculture will find here the tools and information they need. The work will also interest everyone concerned or curious about GMOs."--Jacket | |
| 650 | 0 | _aTransgenic plants | |
| 942 | _cFB | ||
| 999 |
_c15048 _d15048 |
||